| 000 | 00960pam a2200277 a 4500 | ||
|---|---|---|---|
| 001 | 2659 | ||
| 005 | 20240704133754.0 | ||
| 020 | _a0394881893 | ||
| 020 | _a0394981898 (lib. bdg.) | ||
| 040 |
_aDLC _cDLC _dDLC _beng |
||
| 050 | 0 | 0 | _aPZ7.P2197 |
| 082 | 0 | 0 | _a813.5 |
| 100 | 1 | _aPark, Barbara | |
| 245 | 1 | 4 |
_aThe kid in the red jacket / _cby Barbara Park |
| 250 | _aFirst Scholastic printing, January 2001 | ||
| 260 |
_aNew York : _bScholastic, _c1987 |
||
| 300 |
_a113 pages ; _c2០ cm |
||
| 505 | _aM | ||
| 520 | _aWhen ten-year-old Howard has to move with his family to a distant state, he is forced to live on a street named Chester Pewe, adjust to a new school, and get used to being shadowed by the little girl in a nearby house. | ||
| 521 |
_a640
_bLexile |
||
| 521 |
_aM
_bRaz-Plus |
||
| 650 | 1 |
_aMoving, Household _xFiction. |
|
| 650 | 1 | _aHumorous stories. | |
| 906 |
_a7 _bcbc _corignew _d1 _eocip _f19 _gy-gencatlg |
||
| 942 |
_2ddc _cBK _n0 |
||
| 999 |
_c2659 _d2659 |
||